| 000 | 00675nam a2200217Ia 4500 | ||
|---|---|---|---|
| 001 | 21718 | ||
| 005 | 20260407082147.0 | ||
| 008 | 260320s9999||||xx |||||||||||||| ||und|| | ||
| 022 | _a27892492 | ||
| 041 | _aESP | ||
| 082 |
_aHR 345.2 T. 12 JUN 2025 _bGLP |
||
| 110 | _aGaceta Jurídica | ||
| 245 | 0 | _aGaceta de litigación penal | |
| 260 |
_aLima : _bGaceta Jurídica, _c2025 |
||
| 300 |
_a189 páginas : _bgráficos ; _c25 cm. |
||
| 650 | _aCIS | ||
| 653 | _aDerecho - Revista | ||
| 654 | _aCDE | ||
| 856 |
_uhttps://www-gacetajuridica-com-pe.ucsp.lookproxy.com/productos/gaceta-penal-procesal-penal/revistas-digitales _zVersión digital |
||
| 942 |
_cREV _dJUS _fMAT _2ddc |
||
| 999 |
_c21718 _d21718 |
||